Connections in environmental science: (Record no. 4521)
[ view plain ]
| 000 -LEADER | |
|---|---|
| fixed length control field | 00583nam a22001697a 4500 |
| 008 - FIXED-LENGTH DATA ELEMENTS--GENERAL INFORMATION | |
| fixed length control field | 160914b xxu||||| |||| 00| 0 eng d |
| 020 ## - INTERNATIONAL STANDARD BOOK NUMBER | |
| International Standard Book Number | 0072297263 |
| 082 ## - DEWEY DECIMAL CLASSIFICATION NUMBER | |
| Edition number | 2001 |
| Classification number | DC 363.7 |
| Item number | M44c |
| 100 ## - MAIN ENTRY--PERSONAL NAME | |
| 9 (RLIN) | 14564 |
| Personal name | Mayer, J. Richard |
| 245 ## - TITLE STATEMENT | |
| Title | Connections in environmental science: |
| Remainder of title | a case study approach/ |
| Statement of responsibility, etc. | J. Richard Mayer. |
| 260 ## - PUBLICATION, DISTRIBUTION, ETC. (IMPRINT) | |
| Place of publication, distribution, etc. | Boston: |
| Name of publisher, distributor, etc. | McGRaw-Hill, |
| Date of publication, distribution, etc. | c2001. |
| 300 ## - PHYSICAL DESCRIPTION | |
| Extent | xxii, 330 pages: |
| Other physical details | illustrations; |
| Dimensions | 28 cm. |
| 500 ## - GENERAL NOTE | |
| General note | Includes bibliographical references and index.<br/> |
| 650 #0 - SUBJECT ADDED ENTRY--TOPICAL TERM | |
| 9 (RLIN) | 14565 |
| Topical term or geographic name as entry element | Environmental sciences |
| 365 ## - TRADE PRICE | |
| Price type code | Php |
| Price amount | 1920.00 |
| 942 ## - ADDED ENTRY ELEMENTS (KOHA) | |
| Source of classification or shelving scheme | Dewey Decimal Classification |
| Koha item type | Circulation |
| Withdrawn status | Lost status | Source of classification or shelving scheme | Damaged status | Not for loan | Collection code | Home library | Current library | Shelving location | Date acquired | Source of acquisition | Total Checkouts | Full call number | Barcode | Date last seen | Date last checked out | Price effective from | Koha item type |
|---|---|---|---|---|---|---|---|---|---|---|---|---|---|---|---|---|---|
| Dewey Decimal Classification | Circulation | UM Digos College - LIC | UM Digos College - LIC | Book Cart | 09/07/2004 | Purchased | 2 | DC 363.7 M44c 2001 | 17721 | 05/15/2025 | 09/20/2018 | 09/14/2016 | Circulation |
